General Knowledge Quiz 197 - Statistics

General Stats
  • This quiz has been taken 64 times
  • The average score is 7 of 15
Answer Stats
Hint Answer % Correct
What instrument did Ray Charles play? Piano
91%
Campania is a region in which country? Italy
71%
What type of building might have been built on a motte? Castle
57%
Box, Crown, and Cosmic are examples of what marine creature? Jellyfish
57%
Beginning with L, what word means to conceal the origin of money? Launder
57%
What was the name of the Space Shuttle that fatefully broke apart in 1986? Challenger
55%
In baseball, who stands behind the catcher? (Hint: the term is also used tennis) Umpire
55%
What city's original name meant "to the Monks" when translated from German? Munich
54%
Wade-Giles is a romanization system for which Asian language? Mandarin Chinese
48%
What peoples would be most likely to attend a Powwow? Native Americans
48%
What British soap opera is set in the fictional town of Weatherfield? Coronation Street
46%
What is the largest urban area in the Mojave Desert? Las Vegas
38%
Associated with 19th century technology, where would one find a signal box building? Railway tracks
32%
What is the vegetable okra often called? (Hint: sounds like a biscuit) Lady's fingers
11%
What American environmentalist and author wrote The End of Nature and Deep Economy? Bill McKibben
2%
No matching quizzes found
Score Distribution
Percent of People with Each Score
Percentile by Number Answered
Your Score History
You have not taken this quiz